000 00639cam a22002171 4500
999 _c4960
_d4960
001 16114486
005 20170530124722.0
008 100302s1968 sa ab b 000 0 eng
010 _a 74225537
040 _aDLC
_cDLC
_dDLC
043 _af-sq---
050 0 0 _aDT971
_b.A44
110 1 _aSwaziland.
_bGovernment Information Services.
_931718
245 1 2 _aA handbook to the Kingdom of Swaziland.
260 _aMbabane,
_c1968.
300 _a126 p.
_billus. (part col.), maps.
_c22 cm.
504 _aBibliography: p. 124.
651 0 _aSwaziland.
_931719
906 _a0
_bcbc
_cpremunv
_d3
_encip
_f19
_gy-gencatlg
942 _2lcc
_cMONOGRAPH